Countries Invaded by the Mongol Empire - Statistics

General Stats
  • This quiz has been taken 1,918 times
    1,136 since last reset
  • The average score is 32 of 40
Answer Stats
Answer % Correct
China
99%
Russia
98%
India
95%
Iran
94%
Iraq
93%
Kazakhstan
92%
Turkey
92%
Pakistan
91%
Japan
90%
North Korea
90%
South Korea
90%
Tajikistan
89%
Turkmenistan
89%
Ukraine
89%
Uzbekistan
89%
Mongolia
88%
Vietnam
88%
Kyrgyzstan
87%
Afghanistan
86%
Syria
85%
Poland
84%
Armenia
83%
Azerbaijan
83%
Georgia
83%
Laos
83%
Romania
82%
Belarus
80%
Israel
77%
Myanmar
76%
Bulgaria
75%
Hungary
72%
Lebanon
72%
Moldova
70%
Jordan
67%
Serbia
66%
Slovakia
66%
Czech Republic
60%
Croatia
51%
Bosnia and Herzegovina
50%
Indonesia
45%
No matching quizzes found
Score Distribution
Percent of People with Each Score
Percentile by Number Answered
Your Score History
You have not taken this quiz since the last reset